LIBRARY & INFORMATION CENTRE, KCAET, TAVANUR

ONLINE PUBLIC ACCESS CATALOGUE (OPAC)

Don shanthamayozhukunnu / (Record no. 6496)

MARC details
000 -LEADER
fixed length control field 00445cam a2200169ua 4500
041 ## - LANGUAGE CODE
Language code of text/sound track or separate title mal
082 ## - DEWEY DECIMAL CLASSIFICATION NUMBER
Classification number 894.812308
Item number SHO/DO
100 ## - MAIN ENTRY--AUTHOR NAME
Personal name Sholakhov, Michael .
245 ## - TITLE STATEMENT
Title Don shanthamayozhukunnu /
260 ## - PUBLICATION, DISTRIBUTION, ETC. (IMPRINT)
Place of publication Kottayam :
Name of publisher Sahitya Pravarthaka Co-operative Society ,
Year of publication 1966.
300 ## - PHYSICAL DESCRIPTION
Number of Pages 629 ; .
942 ## - ADDED ENTRY ELEMENTS (KOHA)
Koha item type Books
Holdings
Withdrawn status Lost status Damaged status Home library Current library Date acquired Full call number Accession Number Koha item type
Withdrawn     KAUAET KAUAET 07/04/2012 894.812308 8337 Books
free website counter